Turyyanāda. (Record no. 70466)
[ view plain ]
| 000 -LEADER | |
|---|---|
| fixed length control field | 00588cam a22002411 4500 |
| 001 - CONTROL NUMBER | |
| control field | sa 66006324 |
| 003 - CONTROL NUMBER IDENTIFIER | |
| control field | DLC |
| 005 - DATE AND TIME OF LATEST TRANSACTION | |
| control field | 20260227112255.0 |
| 008 - FIXED-LENGTH DATA ELEMENTS--GENERAL INFORMATION | |
| fixed length control field | 941012s1964 ii 000 0 orio |
| 010 ## - LIBRARY OF CONGRESS CONTROL NUMBER | |
| LC control number | sa 66006324 |
| 025 ## - OVERSEAS ACQUISITION NUMBER | |
| Overseas acquisition number | PL480:I-O-553 |
| 035 ## - SYSTEM CONTROL NUMBER | |
| System control number | (OCoLC)31273914 |
| 040 ## - CATALOGING SOURCE | |
| Original cataloging agency | DLC |
| Transcribing agency | CU |
| Modifying agency | CU |
| -- | DLC |
| 042 ## - AUTHENTICATION CODE | |
| Authentication code | premarc |
| 050 00 - LIBRARY OF CONGRESS CALL NUMBER | |
| Classification number | PK2576 |
| Item number | .M3 |
| 100 1# - MAIN ENTRY--PERSONAL NAME | |
| Personal name | Mahapatra, Rabinarayan. |
| 245 10 - TITLE STATEMENT | |
| Title | Turyyanāda. |
| 260 ## - PUBLICATION, DISTRIBUTION, ETC. | |
| Date of publication, distribution, etc. | [1964] |
| 300 ## - PHYSICAL DESCRIPTION | |
| Extent | 6, 128 p. |
| Dimensions | 23 cm. |
| 500 ## - GENERAL NOTE | |
| General note | In Oriya. |
| 500 ## - GENERAL NOTE | |
| General note | Poems. |
| 650 #0 - SUBJECT ADDED ENTRY--TOPICAL TERM | |
| Topical term or geographic name entry element | Sino-Indian Border Dispute, 1957- |
| Form subdivision | Poetry. |
No items available.